000 00359nam a22001337a 4500
082 _a502
_bCON
100 _aJames B. Conant
_950733
245 _aModern Science and Modern Man
_bCanant James B.
260 _aNew York
_bColumbia University
_c1955
300 _a187 p.:
526 _a0
_b0
_c0
_d502_000000000000000_CON
650 _aMCE
_9379
942 _2ddc
_cBK
999 _c553487
_d553487